000 00937nmm a2200265 a 4500
001 ocm0001221694
003 TR-IsHL
005 20201028155043.0
008 131028s2009 tu tur
007 cr cn
035 _a1221694
_b(N$T)
050 0 4 _aBP136.46
_b.B33 2009
090 0 4 _aBP136.46
_b.B33 2009
100 1 _aBabadağlı, Cafer E.
245 1 0 _aİstanbul'da bulunan Ashab- ı Kiram: kabir ve makamları
_h[electronic resource] /
_cCafer E. Babadağlı
250 _a2. bs.
260 _aİstanbul :
_bÇamlıca Basım Yayın,
_c2009
300 _a105 p.
650 4 _aSpor, Seyahat ve Turizm
650 4 _aSports, Travel & Tourism
650 0 _aHz. Muhammed
_x 571-632
_x Sahabiler
650 0 _aMuhammad, Prophet
_x 571-632
_x Companions
650 7 _aRELIGION / Islam / Rituals & Practice
_2bisacsh
856 4 0 _uhttp://search.ebscohost.com/login.aspx?direct=true&scope=site&db=e011xww&AN=1221694
999 _c12889
_d12889